1455 1801 1992 1808 1141 1427 1984 1931 1685 1323 1341 1008 1518 1908 1355 1115 1125 1218 1848 1880 1840 1118 1984 1290 1051 1832 1901 1830 1568 1507 1824 1734 1538 1066 1978 1375 1252 1641 1543 1904 1544 1987 1575 1864 1553 1065 1992 1327 1751 1916 1339 1546 1785 1828 1117 1923 1466 1106 1726 1184 1339 1656 1049 1861 1376 1529 1067 1306 1262 1181 1865 1041 1013 1372 1116 1017 1807 1787 1655 1657 1423 1746 1262 1343 1186 1904 1629 1383 1092 1382 1312 1664 1072 1976 1098 1759 1820 1012 1557 BCNSPRNW ULIB Ver.6.0+V

เปลี่ยนเป็นภาษาไทย

Change to English
 แสดงรายละเอียดบรรณานุกรม
  กลับหน้าหลัก

Brief Record : Get Marc (ISO 2709) : E-mail record : QR code < ปิดหน้าต่าง
LEADER : 00000nam 2200000uu 4500
001    13399110356
003     ULIB
008    110429s2552||||th 000 0 tha d
020    9789744820846
060 04 WM420^bส271จ 2552
100 0  สมภพ เรืองตระกูล
245 10 จิตสังคมบำบัดในโรคทางจิตเวชและโรคทางกาย /^cสมภพเรืองตระกูล
250    พิมพ์ครั้งที่ 1
260    กรุงเทพฯ :^bเรือนแก้วการพิมพ์,^c2552
300    332 หน้า
504    มีบรรณานุกรมและดรรชนีประกอบ
650  2 Psychotherapy
650  2 Psychiatry
945    ^p420^l0^i026041
945    ^p420^l0^i026040
945    ^p420^l0^i026039
995    ทศพร
999 ^a ใช้งานได้ทุกระบบ
รายการนี้ยังไม่มีแท็ก
คุณยังไม่ได้ล็อกอิน คุณสามารถมีกิจกรรมร่วมกับเว็บไซต์ได้ แต่ต้องล็อกอินก่อน ::
  ล็อกอิน

รายการสื่อสารสนเทศ

ลำดับที่ ประเภท เลขเรียก/บาร์โค้ด สถานที่ สถานะ
- ไม่พบข้อมูล -

รายการใกล้เคียง
    ผู้แต่ง [สมภพ เรืองตระกูล]

    หัวเรื่อง [Psychotherapy]
    หัวเรื่อง [Psychiatry]

BibComment


ยังไม่เคยถูกคอมเมนท์

คอมเมนท์ทรัพยากรรายการนี้
  คอมเมนท์: จิตสังคมบำบัดในโร..


 Copyright 2026. Bcnsprnw @Library